| 000 | 00415nam a2200157Ia 4500 | ||
|---|---|---|---|
| 008 | 160316s2015 xxu||||| |||| 00| 0 eng d | ||
| 082 |
_a340.070000 _bCOM |
||
| 100 | _a | ||
| 245 | _aCommon law admission test : Solved papers | ||
| 250 | _a5th | ||
| 260 |
_aNew Delhi _bUniversal Law Publishing Co.Pvt.Ltd. _c2015 |
||
| 300 |
_a594p _b _c |
||
| 365 | _bRs. 495 | ||
| 650 | _a1. CLAT - Law School | ||
| 700 |
_a _a |
||
| 999 |
_c36797 _d36797 |
||